000 00363nam a2200145 i 4500
001 bg
100 1 _aKOZŁOWIECKI, H.
245 0 _aŁożyska cieplnych maszyn tłokowych /
_cH. Kozłowiecki, A. Krzymień.
260 _aPoznań,
_c1991.
700 1 _aKRZYMIEŃ, A.
040 _cBPK
041 _apol
942 _cKS
008 s pl f |000 0 pol
999 _c4600
_d4600
856 _uhttp://koha.tu.koszalin.pl/cgi-bin/koha/opac-detail.pl?biblionumber=4600
_yKatalog online BPK